Első kisüsti pálinkarverseny húsz gazda harminchat különböző főzetét minősítették a rangos nagytárkányi megmérettetésen

Podrobná bibliografia
Hlavný autor: Leczo, Zoltán, 1972- (Autor)
Médium: Článok
Jazyk:maďarčina
slovenčina
Fyzický popis:Fotogr.
Predmet:

MARC

LEADER 00000nab a2200000 a 4500
001 vtls001521048
003 SK-MaSNL
005 20260318114449.0
008 050323c20050323xo drzp 0 0hun
015 |a RVGKPD2005/ 
038 |a RVGKPD 
040 |a RVGKPD  |b slo  |c RVGKPD  |e AACR2 
041 0 |a slo 
044 |a xo  |c SK 
080 |a 663.51:06.063  |2 UDC-MRF-SK2 
100 1 |a Leczo, Zoltán,  |d 1972-  |4 aut  |9 846881 
245 1 0 |a Első kisüsti pálinkarverseny  |b húsz gazda harminchat különböző főzetét minősítették a rangos nagytárkányi megmérettetésen  |c Zoltán Leczo 
300 |b Fotogr. 
611 2 7 |a Első Kisüsti Pálinkarverseny  |d 2005  |c Veľké Trakany, Slovensko  |2 rvgkpd  |9 1606170 
650 0 7 |a pálenky  |2 rvgkpd  |9 3936 
650 0 7 |a súťaže  |2 rvgkpd  |9 3301 
651 7 |a Veľké Trakany (Slovensko)  |2 rvgkpd  |9 31702 
651 7 |a Trebišov (Slovensko : okres)  |2 rvgkpd  |9 56230 
773 0 |t Új Szó  |g Évf. 58, sz. 68 (23.03.2005) 
773 0 |i [Príl.]  |t Szülőföldünk  |g Évf. 2, sz. 12 (23.03.2005), o. 26 
852 |a RVGKPD  |b KIS3GCP 
992 |a RBX 
999 |c 3307131  |d 3309061